000 00435nam a2200181Ia 4500
001 23053
005 20260414150912.0
008 260414t2011||||xx |||||||||||||| ||spa||
041 _aESP
082 _a624.1821
_bB85
100 _aBruneau, Michel
_eAUT
245 0 _aDuctile design of steel structures
_b
260 _c2011
300 _axxi, 905 páginas :
_c23 cm.
650 _a0
654 _aCIC
942 _cLIB
_dJUS
_fJUS
_2ddc
_n
999 _c23053
_d23053